000 00382nam a2200157Ia 4500
008 210210b1950 xxu||||| |||| 00| 0 eng d
041 _aeng
082 _a825/107
100 _aBOWRA (CM)
245 _aRomantic imagination
260 _aLondon
_bOxford University Press
_c1950
650 _aRomantic
650 _aimagination
690 _aEnglish Criticism
906 _a014425
999 _c133608
_d133608